000 00602nam a2200193 a 4500
005 20260322212059.0
008 data
040 _aFMS Productions
099 _aTape 900079
245 1 0 _aKissing guilt & shame goodbye.
_h[videorecording]
260 _aBrooklyn Park, MN
_bE. Larsen Enterprises
_c 1991
300 _a1 videocassette (28 min., 57 sec.) :
_b;
_c sd., col. ;; 1/2 in.
500 _aAudience: Patients in recovery.
500 _aParticipants: Earnie Larsen.
650 0 2 _aAlcoholism
_xrehabilitation
650 0 2 _aShame
650 0 2 _aSubstance-Related Disorders
_xrehabilitation
001 data
999 _c1402
_d1402